|
|
|
|
| LEADER |
00813nab a2200193 i 4500 |
| 001 |
misc10113 |
| 005 |
20191106143233.0 |
| 008 |
170607s1922 hu o 0|| hun d |
| 022 |
|
|
|a 0025-0260
|
| 040 |
|
|
|a SZTE Miscellanea Repozitórium
|b hun
|
| 041 |
|
|
|a hun
|
| 100 |
1 |
|
|a Fináczy Ernő
|
| 245 |
1 |
0 |
|a Borch Rudolf
|h [elektronikus dokumentum] :
|b Bilderatlas zur Geschichte der Pädagogik : Wolfenbüttel, 1920. 123 old. : [könyvismertetés] /
|c Fináczy Ernő
|
| 260 |
|
|
|c 1922
|
| 300 |
|
|
|a 118
|
| 490 |
0 |
|
|a Magyar pedagógia : a Magyar Tudományos Akadémia Pedagógiai Bizottságának folyóirata
|v 31
|
| 695 |
|
|
|a Neveléstörténet könyvismertetés, Neveléstörténet, Neveléstörténet oktatása
|
| 700 |
0 |
1 |
|a Borch Rudolf
|
| 856 |
4 |
0 |
|u http://misc.bibl.u-szeged.hu/10113/1/mp_1922_2809_118.pdf
|z Dokumentum-elérés
|